| 000 | 00451nam a2200157 i 4500 | ||
|---|---|---|---|
| 001 | 49119 | ||
| 003 | ES-MaACL | ||
| 005 | 20230906161905.0 | ||
| 007 | t| | ||
| 008 | 030708s1965 sp ||||1| spa d | ||
| 100 | 1 |
_aCorredor García, Antonio. _940775 |
|
| 245 | 1 | 0 |
_aBordón de peregrino _b: poemas / _cAntonio Corredor García. |
| 260 |
_aCáceres : _bCruzada Mariana, _c[1965] |
||
| 300 |
_a48 p. ; _c15 cm. |
||
| 852 |
_aES-MaACL _jC-30675 _bR.60966 |
||
| 999 |
_c49119 _d49119 |
||